000 00809nam a2200265Ia 4500
001 Z_5468
003 CHAP
008 220113s2006 xx 000 0 und d
010 _a168553
040 _cCHAP
090 _aTesis H 1976
100 _aHernández Martínez, Noé
_954308
245 _aDeterminación del estado mineral en bovinos lecheros en el municipio de Acatic, Jalisco /
_cNoé Hernández Martínez y Martín Romero Ríos
260 _aChapingo, Méx. :
_bEl autor,
_c2006
300 _a58 h.
502 _aTesis (Ing. Agr. Esp. en Zootecnia) -- UACH. Departamento de Zootecnia
650 _aAnimales
_xElementos minerales
_95861
650 _aGanado lechero
_xJalisco
_945273
901 _aTESIS H 1976
902 _aM
910 _a2006
942 _c2
942 _c2
999 _c168553
_d168553